01266nam a2200301Ia 450000500170000000800410001702000180005804100080007608200170008410000150010124501690011625000220028530000480030752100360035553400440039165000650043565000610050065000630056165000660062465000640069070000190075470000360077326400320080933600270084133700330086833800280090104000350092920220317001754.0170328s2011 s o g 000 0 s  a9788467547436 aspa04a305.23bO55n1 aOmmer, Uwe10aNiños de los cinco continentescun libro de fotos de Uwe Ommer ; con textos de Laure Mistral y Anne-Sophie de Monsabert ; traducción del francés Fernando Bort aPrimera edición a340 páginasbfotografías a colorc24 cm aRecomendado desde los 12 años tHistoires d'enfants des cinq continents142LEMBaNiñosvFotografíasxCondiciones socialeszÁfrica142LEMBaNiñosvFotografíasxCondiciones socialeszAsia142LEMBaNiñosvFotografíasxCondiciones socialeszEuropa142LEMBaNiñosvFotografíasxCondiciones socialeszOceanía142LEMBaNiñosvFotografíasxCondiciones socialeszAmerica1 aMistral, Laure1 aBort Misol, Fernandoetraductor aMadridbEdiciones SMcc2011 atextobtxt2rdacontent asin mediaciónbn2rdamedia avolumenbnc2rdacarrier aCO-BoRNBPbspaerdacCO-BoRNBP